|
|
|
|
| LEADER |
01362nam a2200397 a 4500 |
| 001 |
000718339 |
| 003 |
CZ BrMZK |
| 005 |
20040715142830.0 |
| 007 |
ta |
| 008 |
040527s2004 xr m e 000 0 cze |
| 015 |
|
|
|a cnb001316499
|
| 020 |
|
|
|a 80-7212-282-7
|q (brož.)
|
| 035 |
|
|
|a (OCoLC)85108158
|
| 040 |
|
|
|a BOA001
|b cze
|
| 041 |
0 |
|
|a cze
|a eng
|
| 043 |
|
|
|a e-xr---
|
| 072 |
|
7 |
|a 502
|x Životní prostředí a jeho ochrana
|2 Konspekt
|9 2
|
| 080 |
|
|
|a 502/504
|2 MRF
|
| 080 |
|
|
|a 502.174
|2 MRF
|
| 080 |
|
|
|a 334.72
|2 MRF
|
| 080 |
|
|
|a (437.3)
|2 MRF
|
| 080 |
|
|
|a (083.8)
|2 MRF
|
| 245 |
0 |
0 |
|a Seznam firem poskytujících služby v oblasti environmentálních technologií
|
| 260 |
|
|
|a Praha :
|b Cevatech International,
|c 2004
|
| 300 |
|
|
|a 20, 20 s. ;
|c 21 cm +
|e 1 CD
|
| 500 |
|
|
|a Vydavatel: Ministerstvo životního prostředí
|
| 500 |
|
|
|a Souběžný český a anglický text
|
| 500 |
|
|
|a Text zvratmo
|
| 650 |
0 |
7 |
|a firmy
|7 ph120256
|z Česko
|2 czenas
|
| 650 |
0 |
7 |
|a životní prostředí
|7 ph135446
|2 czenas
|
| 650 |
0 |
7 |
|a environmentálně vhodné technologie
|7 ph135494
|2 czenas
|
| 655 |
|
7 |
|a seznamy
|7 fd133378
|2 czenas
|
| 710 |
1 |
|
|a Česko.
|b Ministerstvo životního prostředí
|7 kn20010725026
|
| 910 |
|
|
|a BOA001
|b 2-1135.562
|
| 990 |
|
|
|a BK
|
| 996 |
6 |
|
|b 2610221130
|c 2-1135.562
|l MZK
|r Sklad / do 1 hodiny
|n 1
|p p.v.
|w 000718339
|u 000010
|a 1
|e BOA001
|j MZK50
|s P
|